| 000 | 00944nam a2200253 a 4500 | ||
|---|---|---|---|
| 001 | BRCA_751 | ||
| 005 | 20190320203132.0 | ||
| 008 | 900303s1988 mx-a---##b---s000-0#spa-d | ||
| 020 | _a9688161020 | ||
| 040 |
_aDLC _cDLC _dDLC |
||
| 050 | 4 |
_aF1386 _b.D57 22 _c1988 |
|
| 100 | 1 |
_aHeyden, Doris _92484 |
|
| 245 | 1 | 0 |
_aMéxico _borigen de un símbolo : mito y simbolismo en la fundación de México-Tenochtitlán _cDoris Heyden. |
| 260 |
_aMéxico _bDepartamento del Distrito Federal : Secretaría General de Desarrollo Social : Comité Interno de Ediciones Gubernamentales _c1988 |
||
| 300 |
_a198 p. _bil. _c21 cm. |
||
| 440 | 0 |
_aColección Distrito Federal _v22 _92485 |
|
| 500 | _aIncluye índice de ilustraciones | ||
| 504 | _aBibliografía: p. 166-187 | ||
| 650 | 1 | 4 |
_aAztecas _xHistoria _92486 |
| 650 | 1 | 4 |
_aMitología Azteca _92487 |
| 650 | 1 | 4 |
_aEmblema nacional _zMéxico _92488 |
| 651 | 4 |
_aCiudad de México _xHistoria _9691 |
|
| 942 |
_2lcc _cB |
||
| 999 |
_c650 _d650 |
||